Hacia un marco conceptual de la reforma agraria

Salvato in:
Dettagli Bibliografici
Autore principale: Barahona Riera, Francisco
Natura: testo
Pubblicazione: s.l.e :
Tags: Aggiungi Tag
Nessun Tag, puoi essere il primo ad aggiungerne!!

MARC

LEADER 00000 a a2200000 04500
001 15662
003
040
090 |a 029900  
100 |a Barahona Riera, Francisco  
245 |a Hacia un marco conceptual de la reforma agraria  
260 |a s.l.e :  
300 |a 76 p.  
999 |c 17518  |d 17518